Europa nach Buchstabe - A - Statistiken

Allgemein
  • Dieses Quiz wurde 107 mal gespielt
  • Das Durchschnittsergebnis liegt bei 14 aus 20
Antwortstatistiken
Hinweis Antwort % Korrekt
Wie heißt die Hauptstadt der Niederlande? Amsterdam
100%
Wie heißt das große europäische Gebirge von Frankreich bis Slowenien? Alpen
98%
Wie heißt die Hauptstadt der Türkei? Ankara
98%
Welche antike Stadt gilt als Wiege der Demokratie? Athen
98%
Welche schwedische Popband gewann 1974 den Eurovision Song Contest? ABBA
96%
Welcher Physiker entwickelte die Relativitätstheorie? (Vorname mit A) Albert Einstein
92%
Welcher Kleinstaat liegt zwischen Frankreich und Spanien? Andorra
92%
Welche schwedische Autorin schrieb „Pippi Langstrumpf“? (Vorname mit A) Astrid Lindgren
89%
Wie heißt der bekannte Fußballverein aus Amsterdam? Ajax Amsterdam
87%
Wie nennt man das Meer zwischen Italien und dem Balkan? Adriatisches Meer
83%
Wie heißt ie Tempelanlage oberhalb von Athen? Akropolis
75%
Welche portugiesische Inselgruppe liegt im Atlantik? Azoren
72%
Wie nennt man die Epoche vor dem Mittelalter? Antike
71%
Welche internationale Menschenrechtsorganisation hat ihren Sitz in London? Amnesty International
46%
Wie nennt man den europäischen Hochadel im Feudalsystem? Aristokratie
45%
Welcher deutsche Künstler schuf den „Feldhasen“? (Vorname mit A) Albrecht Dürer
43%
Welcher Fluss fließt durch die Schweizer Hauptstadt Bern? Aare
39%
Wie heißt die griechische Göttin der Weisheit? Athena
33%
Welche Staatsform prägte viele europäische Länder im 17. Jahrhundert? Absolutismus
17%
Wie nennt man den zentralen Versammlungsplatz im antiken Griechenland? Agora
16%
Keine übereinstimmenden Quizze gefunden
Verteilung der Resultate
Anzahl Personen mit jedem Resultat
Perzentil nach korrekt beantworteten Fragen
Ihre Resultats-Entwicklung
Sie haben dieses Quiz noch nicht gespielt